Normal view
MARC view
Entry Corporate Name
001 - CONTROL NUMBER
- control field: 4965
003 - CONTROL NUMBER IDENTIFIER
- control field: BD-DhEWU
005 - DATE AND TIME OF LATEST TRANSACTION
- control field: 20140311124648.0
008 - FIXED-LENGTH DATA ELEMENTS
- fixed length control field: 140311|| aca||aabn | a|a d
040 ## - CATALOGING SOURCE
- Original cataloging agency: BD-DhEWU
- Transcribing agency: BD-DhEWU
110 ## - HEADING--CORPORATE NAME
- Corporate name or jurisdiction name as entry element: Ministry of finance and MInistry of Planning ; Economic Relations Divisions and Planning Commission,
670 ## - SOURCE DATA FOUND
- Source citation: Work cat.: (BD-DhEWU)132: Ministry of finance and MInistry of Planning ; Economic Relations Divisions and Planning Commission,, Memorandum for Bangladesh development Forum 2002-2003 /, c2002.